Statystyki dla Piłkarska kariera Victora Valdesa.

Kliknij tutaj aby rozwiązać quiz!

Ogólne statystyki

  • Ten quiz został rozwiązany 76 razy
  • Średni wynik to 3 z 5

Statystyki odpowiedzi

LataDrużyna% Poprawnych
2002-2014Barcelona
98%
2015-2016Manchester United
70%
2000-2002Barcelona B
47%
2016-2017Middlesbrough
44%
2016-2016Standard Liege
36%

Rozkład punktacji

Percentyl według liczby udzielonych odpowiedzi

Procent ludzi z każdym wynikiem

Twoja historia wyników

Nie rozwiązałeś tego quizu